PLAN integral de abastecimiento de agua a Bahía Blanca y Gran Bahía Blanca : análisis prospectivo de los requerimientos de agua potable en el Gran Bahía Blanca /

Guardado en:
Autor Principal: Gorenstein, Silvia.
Otros Autores: Peri, Graciela.
Formato: Libro
Idioma:Spanish
Publicado: Bahía Blanca : Universidad nacional del Sur, s.f.
Materias:
Etiquetas: Agregar Etiqueta
Sin Etiquetas, Sea el primero en etiquetar este registro!
LEADER 00703nam a22001695a 4500
001 EUN.um057391
008 041125ss.f.####ag#a##########000#0#spa#d
005 20170503135325.0
245 1 0 |a PLAN integral de abastecimiento de agua a Bahía Blanca y Gran Bahía Blanca :  |b análisis prospectivo de los requerimientos de agua potable en el Gran Bahía Blanca /  |c Silvia Gorenstein, Graciela Peri. 
260 |a Bahía Blanca :  |b Universidad nacional del Sur,  |c s.f. 
300 |a No paginado :  |b ilus. ;  |c 35 cm. 
100 1 |a Gorenstein, Silvia. 
700 1 |a Peri, Graciela. 
082 0 4 |a 628.1 
653 |a Bahia blanca 
653 |a Abastecimiento de aguas 
859 |a Ar-BaUNS  |b BIB. CENTRAL - Tesoro  |h 628.1  |i P692-5  |k F  |p 98329/990